00894nam a22001697a 4500040000700000082000800007100003900015245009200054260001900146300000900165942000700174999001500181952012800196952013100324952013100455952013800586 cSY a639 aSAM SARON'; សំ សារ៉ន aការចិញ្ចឹមាន់តាមលក្ខណៈគ្រួសារ aRUAbSAMc1994 a45p. cKB c9613d9613 0010406639_000000000000000_SAM_1994_C23870951677aLBCbLBCcC238d2016-09-06o639 SAM 1994 C238pA00806r2016-09-06yKB 0010406639_000000000000000_SAM_1994_C23870951683aLBCbLBCcC238d2016-09-06o639 SAM 1994 C238pRUA042646r2016-09-06yKB 0010406639_000000000000000_SAM_1994_C24270952342aLBCbLBCcC242d2016-09-19o639 SAM 1994 C242pRUA045090r2016-09-19yKB 0010406639_SAM_1994_000000000000000_C23570952359aLBCbLBCcC235d2016-09-19o639​​ SAM 1994 C235pRUA045205r2016-09-19yKB